[Event "POL-chT3"]
[Site "Jastrzebia Gora POL"]
[Date "2016.09.04"]
[Round "2.67"]
[White "Markiewicz, Jerzy"]
[Black "Murdzia, Piotr"]
[Result "0-1"]
[WhiteElo "2237"]
[BlackElo "2416"]
[EventDate "2016.09.02"]

1.d4 Nf6 2.Nf3 g6 3.g3 Bg7 4.Bg2 O-O 5.c4 d5 6.O-O c6 7.cxd5 cxd5 8.Nc3 
Nc6 9.Ne5 e6 10.f4 Bd7 11.Kh1 Rc8 12.Be3 Ne8 13.Bf2 Nd6 14.e4 Nxe4 15.Nxe4
dxe4 16.Bxe4 Ne7 17.Qb3 Rc7 18.Rac1 Nd5 19.Rxc7 Qxc7 20.Nxd7 Qxd7 21.Rc1 
Rd8 22.a4 a6 23.Bf3 Bf6 24.Rc4 Kg7 25.Kg1 h5 26.Bxd5 Qxd5 27.Rb4 Qe4 28.
Qe3 Qb1+ 29.Kg2 Rd7 30.h3 a5 31.Rc4 Qxb2 32.g4 b5 33.axb5 Qxb5 34.Qc3 Qd5+
35.Kg3 Rb7 36.Qf3 Bh4+ 0-1

[Event "POL-chT3"]
[Site "Jastrzebia Gora POL"]
[Date "2016.09.04"]
[Round "2.68"]
[White "Lisowski, Krzysztof"]
[Black "Zaskalski, Arkadiusz"]
[Result "1/2-1/2"]
[WhiteElo "2106"]
[BlackElo "2142"]
[EventDate "2016.09.02"]

1.e4 c5 2.b3 Nc6 3.Bb2 e5 4.f4 d6 5.Nf3 exf4 6.Bb5 Bd7 7.Nc3 Nf6 8.Nd5 
Nxd5 9.exd5 Nb4 10.Bc4 b5 11.a3 bxc4 12.axb4 cxb3 13.bxc5 dxc5 14.O-O f6 
15.Ne5 Bf5 16.Qe2 fxe5 17.Qxe5+ Be7 18.Qxf5 Qd7 19.Qh5+ Kd8 20.Bxg7 Rg8 
21.Qxh7 Qxd5 22.Rxf4 bxc2 23.Rc1 Rb8 24.Rxc2 Rb1+ 25.Kf2 Rb4 26.d4 cxd4 
27.Qh3 Qd7 28.Qxd7+ Kxd7 29.Rxd4+ Rxd4 30.Bxd4 a5 31.Rd2 Kc6 32.g3 Bd6 33.
Ra2 Kb5 34.Bc3 a4 35.Rd2 Rg6 36.Kf3 a3 37.Ke4 Kc4 38.Ba1 Bxg3 39.hxg3 Rxg3
40.Be5 Rg4+ 41.Kf5 Rh4 42.Rc2+ Kb3 43.Rc3+ Kb4 44.Rc8 a2 1/2-1/2

[Event "POL-chT3"]
[Site "Jastrzebia Gora POL"]
[Date "2016.09.04"]
[Round "2.69"]
[White "Augustyn, Sebastian"]
[Black "Migala, Andrzej"]
[Result "0-1"]
[WhiteElo "2116"]
[BlackElo "2014"]
[EventDate "2016.09.02"]

1.d4 d5 2.Nc3 Nf6 3.Bg5 e6 4.e4 dxe4 5.Nxe4 Be7 6.Bxf6 Bxf6 7.Nf3 b6 8.Bd3
Bb7 9.Qe2 Nd7 10.O-O-O Qe7 11.g4 g6 12.Nxf6+ Nxf6 13.g5 Nd7 14.Ba6 Bxf3 
15.Qxf3 Qxg5+ 16.Kb1 O-O 17.h4 Qf5 18.Qe3 Nf6 19.Bd3 Nd5 20.Qg3 Qf4 21.Qh3
Nf6 22.h5 g5 23.h6 Kh8 24.Rhg1 Rg8 25.c3 Rad8 26.Bc2 g4 27.Qh4 Rd5 28.Qh1 
Rh5 29.Qc6 Rxh6 30.Rh1 Rxh1 31.Qxh1 a5 32.c4 Rd8 33.d5 e5 34.Qh4 h6 35.a3 
Kg7 36.Rg1 e4 37.Ka2 Re8 38.Bd1 h5 39.Rg3 Re5 40.Re3 Rf5 41.Re2 Qe5 42.Bc2
Rf3 43.Qh1 Qd4 44.Qe1 Qxc4+ 45.Kb1 Qxd5 46.Bxe4 Nxe4 47.Rxe4 Qf5 48.Ka2 
Rxf2 49.Re5 Qf6 50.Qc3 c5 51.a4 Rf4 52.Qe3 h4 53.Re4 Rxe4 54.Qxe4 Qe6+ 0-1

[Event "POL-chT3"]
[Site "Jastrzebia Gora POL"]
[Date "2016.09.04"]
[Round "2.70"]
[White "Daniluk, Jerzy"]
[Black "Markiewicz, Mateusz"]
[Result "1-0"]
[WhiteElo "2100"]
[BlackElo "2044"]
[EventDate "2016.09.02"]

1.Nf3 d6 2.e4 Nc6 3.d4 e5 4.dxe5 Nxe5 5.Nxe5 dxe5 6.Qxd8+ Kxd8 7.Bc4 f6 8.
Be3 c6 9.a4 Kc7 10.Nd2 Nh6 11.f3 f5 12.c3 fxe4 13.Nxe4 Nf5 14.Bf2 g6 15.
O-O Nd6 16.Nxd6 Bxd6 17.Rfe1 Bf5 18.Re2 h5 19.Rae1 h4 20.h3 b6 21.Kh1 Rae8
22.b4 g5 23.Be3 Be7 24.Bg1 Bd6 25.Bh2 e4 26.Bxd6+ Kxd6 27.fxe4 Bg6 28.e5+ 
Kc7 29.b5 c5 30.e6 Rhf8 31.Rd2 Re7 32.Red1 Be8 33.Rd8 Rf4 34.Ra8 Bh5 35.
Rd2 Kb7 36.Bd5+ Kc7 37.Rxa7+ Kd6 38.Ba2+ Rd4 39.Rxe7 Rxd2 1-0

[Event "POL-chT3"]
[Site "Jastrzebia Gora POL"]
[Date "2016.09.04"]
[Round "2.71"]
[White "Tatarczany, Piotr"]
[Black "Kupryjaniuk, Tomasz"]
[Result "1/2-1/2"]
[WhiteElo "1528"]
[BlackElo "1819"]
[EventDate "2016.09.02"]

1.d4 d5 2.Nf3 Nf6 3.c4 c6 4.Nc3 a6 5.cxd5 cxd5 6.Bf4 Nc6 7.a3 Bf5 8.e3 Rc8
9.Rc1 e6 10.Bd3 Bg4 11.h3 Bh5 12.O-O Bd6 13.Bxd6 Qxd6 14.b4 b5 15.Be2 O-O 
16.Nd2 Bxe2 17.Qxe2 e5 18.Nb3 Rfe8 19.Qf3 exd4 20.exd4 Ne4 21.Rfe1 Nf6 22.
Re3 Rxe3 23.fxe3 Ne7 24.Nc5 Ng6 25.Rf1 Re8 26.Nd1 Re7 27.Qf5 Nd7 28.Nc3 
Nf6 29.Nd1 Nd7 30.Nc3 Nf6 31.Nd1 1/2-1/2

[Event "POL-chT3"]
[Site "Jastrzebia Gora POL"]
[Date "2016.09.04"]
[Round "2.72"]
[White "Kindler, Karolina"]
[Black "Jalowiec, Halina"]
[Result "0-1"]
[WhiteElo "1717"]
[BlackElo "1932"]
[EventDate "2016.09.02"]

1.Nf3 c5 2.b3 Nc6 3.Bb2 d6 4.e3 e5 5.d3 g6 6.c4 Bg7 7.a3 Nge7 8.Qc2 O-O 9.
Be2 b6 10.O-O h6 11.Bc3 d5 12.cxd5 Nxd5 13.Bb2 Bb7 14.Nc3 Rc8 15.Nd2 Nd4 
16.Qd1 Nxc3 17.Bxc3 Nxe2+ 18.Qxe2 Qd5 19.e4 Qe6 20.Rac1 Rfd8 21.Nc4 Rd7 
22.Rfd1 Rcd8 23.b4 cxb4 24.Bxb4 a5 25.Be1 Ba6 26.Qe3 Rd4 27.Nxb6 Qxb6 28.
Bc3 Qb3 29.Bxd4 Rxd4 30.Qe1 a4 31.Rc3 Qe6 32.Qd2 Bf8 33.Qc2 Qe7 34.Rc6 Bb5
35.Rc3 Qd7 36.Rc7 Qd6 37.Rc3 Kg7 38.Qb1 Qa6 39.Qc2 Be7 40.Qb1 Bd7 41.h3 
Be6 42.Qb8 Bd6 43.Qe8 Qb7 44.Rdc1 Qe7 45.Qb5 Qd7 46.Qb6 Qe7 47.Qb5 Bd7 48.
Qb2 Qg5 49.Kf1 Qf4 50.Kg1 Be6 51.Qb1 Qg5 52.Kf1 Bb3 53.Qb2 Qe7 54.Ra1 Qb7 
55.Qe2 Qa6 56.g4 Be7 57.f3 Qf6 58.Kg2 Qf4 59.Qf2 Bg5 60.h4 Qd2 61.hxg5 
Qxc3 62.gxh6+ Kh7 63.Qh4 Qd2+ 64.Kg3 Qf4+ 65.Kg2 Rxd3 66.Rf1 Rd2+ 67.Rf2 
Rxf2+ 68.Kxf2 Qd2+ 69.Kg1 Qxh6 70.Qf6 Qf4 71.Qh4+ Kg7 72.Qe7 Bd1 73.Qb4 
Qxf3 74.Qa5 Qxg4+ 75.Kf1 Qxe4 0-1

[Event "POL-chT3"]
[Site "Jastrzebia Gora POL"]
[Date "2016.09.04"]
[Round "2.73"]
[White "Stanach, Fabian"]
[Black "Sapis, Witalis"]
[Result "1/2-1/2"]
[WhiteElo "2062"]
[BlackElo "2389"]
[EventDate "2016.09.02"]

1.d4 Nf6 2.Nf3 c6 3.c4 d6 4.g3 Bg4 5.Bg2 Nbd7 6.Nc3 e5 7.O-O Be7 8.h3 Bh5 
9.Nh4 O-O 10.d5 c5 11.a3 Ne8 12.Nf5 Bg6 13.e4 Bxf5 14.exf5 Bg5 15.h4 Bxc1 
16.Rxc1 Nc7 17.Be4 Rb8 18.b4 b6 19.b5 a6 20.a4 Ra8 21.Ra1 Qe7 22.Qc2 Rfb8 
23.Rfb1 a5 24.Kg2 Kf8 25.Qe2 Ke8 26.Rh1 Kd8 27.Rag1 Kc8 28.g4 Kb7 29.g5 
Rh8 30.Kf1 Rag8 31.Qg4 1/2-1/2

[Event "POL-chT3"]
[Site "Jastrzebia Gora POL"]
[Date "2016.09.04"]
[Round "2.74"]
[White "Karwowski, Kacper"]
[Black "Kudas, Damian"]
[Result "1-0"]
[WhiteElo "2245"]
[BlackElo "2135"]
[EventDate "2016.09.02"]

1.e4 c5 2.Nf3 d6 3.d4 cxd4 4.Nxd4 Nf6 5.Nc3 Nc6 6.Bg5 e6 7.Qd2 a6 8.O-O-O 
Bd7 9.f4 b5 10.Bxf6 gxf6 11.Kb1 b4 12.Nce2 Qb6 13.Nxc6 Bxc6 14.f5 e5 15.
Ng3 Qc5 16.Nh5 Ke7 17.Qe2 Bh6 18.h4 Rhg8 19.Rh3 a5 20.g4 Rac8 21.Qg2 Be3 
22.g5 fxg5 23.f6+ Kd8 24.Ng7 Bd7 25.Rg3 Bf2 26.c4 Bxg3 27.Qxg3 g4 28.Rd5 
Qb6 29.Be2 h5 30.Nxh5 Rg6 31.Ng7 Rxf6 32.Nf5 Rxf5 33.exf5 Bxf5+ 34.Ka1 Be6
35.Rd1 Ke7 36.h5 Rg8 37.h6 f6 38.Qd3 f5 39.Qg3 Kf7 40.Qh4 Qe3 41.Qh5+ Kf6 
42.h7 Rh8 43.Kb1 Qxe2 44.Qh6+ Kf7 45.Qh5+ Ke7 46.Qg5+ Kd7 47.Qg7+ Kc6 48.
Rc1 Rxh7 49.Qxh7 f4 50.Qg6 Kd7 51.Qg7+ Kc6 52.Qf8 Qe4+ 53.Ka1 Qe3 54.Qa8+ 
Kb6 55.c5+ dxc5 56.Rd1 Qd4 57.Rxd4 exd4 58.Qe8 Bd5 59.Qb8+ Kc6 60.Qxf4 Bf3
61.Qf5 a4 62.b3 axb3 63.axb3 Kb5 64.Kb2 Be2 65.Qd7+ Ka5 66.Qe7 d3 67.Qxc5+
Ka6 68.Qxb4 g3 69.Kc3 g2 70.Qd6+ Ka7 71.Qc7+ Ka8 72.Qc6+ 1-0

[Event "POL-chT3"]
[Site "Jastrzebia Gora POL"]
[Date "2016.09.04"]
[Round "2.75"]
[White "Adamowicz, Katarzyna"]
[Black "Rudnicki, Milosz"]
[Result "1-0"]
[WhiteElo "2173"]
[BlackElo "2199"]
[EventDate "2016.09.02"]

1.e4 c5 2.Nf3 Nc6 3.d4 cxd4 4.Nxd4 g6 5.Nc3 Bg7 6.Be3 Nf6 7.f3 O-O 8.Qd2 
d5 9.exd5 Nxd5 10.Nxc6 bxc6 11.Bd4 e5 12.Bc5 Re8 13.O-O-O Be6 14.Ne4 Qc7 
15.Ba6 Red8 16.Qe1 Bf5 17.Bc4 Nf4 18.Ng5 Nd5 19.g4 Bc8 20.h4 h6 21.Ne4 Be6
22.Bb3 Nf4 23.Bd6 Qb6 24.h5 Bxb3 25.axb3 g5 26.Ng3 Ng2 27.Qe2 Qe3+ 28.Qxe3
Nxe3 29.Rd3 Nd5 30.Nf5 Kh7 31.Re1 Re8 32.c4 Nf4 33.Rd2 Bf6 34.Kc2 Ne6 35.
Rde2 Nf4 36.Re4 Ng2 37.Ra1 Nh4 38.Nxh4 gxh4 39.Rae1 Re6 40.Bxe5 Bxe5 41.
Rxe5 Rae8 42.Rxe6 Rxe6 43.Rh1 Re3 44.Rxh4 Rxf3 45.Rh1 Rg3 46.Ra1 Kg7 47.
Rxa7 Rxg4 48.Rc7 Rg5 49.b4 Rxh5 50.Rxc6 f5 51.b5 f4 52.b6 f3 53.b7 Rh2+ 
54.Kb3 f2 55.b8=Q Rh3+ 56.Kb4 f1=Q 57.Qb7+ 1-0

[Event "POL-chT3"]
[Site "Jastrzebia Gora POL"]
[Date "2016.09.04"]
[Round "2.76"]
[White "Wacior, Maciej"]
[Black "Lach, Piotr"]
[Result "1/2-1/2"]
[WhiteElo "1986"]
[BlackElo "2135"]
[EventDate "2016.09.02"]

1.d4 g6 2.Bf4 Bg7 3.e3 d6 4.Nf3 Nd7 5.c3 e5 6.Bg3 Ne7 7.h3 O-O 8.Bc4 Nf5 
9.Bh2 e4 10.Nfd2 Nb6 11.Bb3 Nh4 12.O-O Qg5 13.Bg3 Bf5 14.a4 a5 15.Kh2 Rae8
16.Na3 Qh6 17.Bxh4 Qxh4 18.f4 exf3 19.Qxf3 d5 20.Rfe1 Be4 21.Nxe4 Qxe4 22.
Bc2 Qxf3 23.gxf3 Re7 24.Re2 Rfe8 25.Rae1 Bh6 26.e4 Bf4+ 27.Kg2 c6 28.b3 
Nd7 29.Bd3 Nf6 30.exd5 Rxe2+ 31.Rxe2 Rxe2+ 32.Bxe2 Nxd5 33.c4 1/2-1/2

[Event "POL-chT3"]
[Site "Jastrzebia Gora POL"]
[Date "2016.09.04"]
[Round "2.77"]
[White "Watorek, Marcin"]
[Black "Gosciniak, Tomasz"]
[Result "1-0"]
[WhiteElo "2111"]
[BlackElo "1949"]
[EventDate "2016.09.02"]

1.d4 d5 2.c4 c6 3.Nf3 Nf6 4.Qc2 e6 5.Bg5 Be7 6.e3 Nbd7 7.Nc3 O-O 8.O-O-O 
dxc4 9.Bxc4 b5 10.Bd3 h6 11.h4 Nd5 12.Nxd5 cxd5 13.Bxe7 Qxe7 14.Qb1 Ba6 
15.g4 Nb6 16.g5 h5 17.g6 Nc4 18.Ng5 Rac8 19.Bxc4 Rxc4+ 20.Kd2 1-0

[Event "POL-chT3"]
[Site "Jastrzebia Gora POL"]
[Date "2016.09.04"]
[Round "2.78"]
[White "Gosciniak, Maria"]
[Black "Chrzaszcz, Malvina"]
[Result "1/2-1/2"]
[WhiteElo "2082"]
[BlackElo "2050"]
[EventDate "2016.09.02"]

1.e4 e5 2.Nf3 Nc6 3.Nc3 Nf6 4.d4 exd4 5.Nxd4 Bb4 6.Nxc6 bxc6 7.Bd3 O-O 8.
O-O Re8 9.Qf3 Bd6 10.Bg5 Be5 11.Rad1 d6 12.h3 h6 13.Bf4 Qe7 14.Bxe5 Qxe5 
15.Qe3 Qa5 16.f4 Rb8 17.Rb1 c5 18.e5 c4 19.Bxc4 dxe5 20.fxe5 Rxe5 21.Qd4 
Bb7 22.Bb3 Rbe8 23.Rf2 Ba6 24.Kh2 c5 25.Qf4 Qc7 26.Ba4 Nh5 27.Nd5 Qb7 28.
Qxf7+ Qxf7 29.Rxf7 Kxf7 30.Bxe8+ Rxe8 31.Nc7 Re2 32.Nxa6 Nf4 33.Rf1 g5 34.
Nxc5 Rxg2+ 35.Kh1 Rxc2 36.Nd3 Kg6 37.Nxf4+ gxf4 38.Rxf4 Rxb2 39.Ra4 Rb7 
40.Kg2 Rc7 41.Kg3 Kf5 42.Ra5+ Kg6 43.Ra4 Kf5 44.Kh4 Kg6 45.Kg4 Kf6 46.h4 
Kg6 47.h5+ Kg7 48.Ra5 Rf7 49.a4 Kh7 50.Rb5 a6 51.Rb6 Rg7+ 52.Kf4 Rg5 53.
Rxa6 Rxh5 54.a5 Rb5 55.Ra8 Kg7 56.a6 Ra5 57.a7 h5 58.Ke4 h4 59.Kf3 h3 60.
Kg3 Ra3+ 1/2-1/2

[Event "POL-chT3"]
[Site "Jastrzebia Gora POL"]
[Date "2016.09.04"]
[Round "2.79"]
[White "Dors, Ryszard"]
[Black "Brzezinski, Mateusz"]
[Result "0-1"]
[WhiteElo "2167"]
[BlackElo "2144"]
[EventDate "2016.09.02"]

1.Nf3 Nf6 2.g3 e6 3.Bg2 a6 4.O-O b5 5.d3 Bb7 6.e4 d6 7.Nbd2 c5 8.Re1 Nbd7 
9.Nf1 Be7 10.Nh4 O-O 11.e5 Nd5 12.c4 Bxh4 13.gxh4 Nxe5 14.cxd5 Qxh4 15.Re4
Qf6 16.d4 Ng6 17.Rg4 exd5 18.h4 Qe6 19.h5 f5 20.Rg3 Nh4 21.Bf4 Rad8 22.Bh1
h6 23.Rh3 Qf6 24.Bg3 g5 25.hxg6 Nxg6 26.Qh5 Rf7 27.Qxh6 Rg7 28.Kh2 Kf7 29.
Bh4 Qxd4 30.Ne3 Rh8 31.Qg5 Nxh4 0-1

[Event "POL-chT3"]
[Site "Jastrzebia Gora POL"]
[Date "2016.09.04"]
[Round "2.80"]
[White "Kujawski, Adam"]
[Black "Janiszewski, Maciej"]
[Result "1-0"]
[WhiteElo "2296"]
[BlackElo "2129"]
[EventDate "2016.09.02"]

1.e4 d5 2.exd5 Nf6 3.d4 Bg4 4.f3 Bf5 5.c4 e6 6.dxe6 Nc6 7.Be3 Bb4+ 8.Nc3 
Qe7 9.Qd2 O-O-O 10.O-O-O Bxe6 11.Bf2 Na5 12.d5 Nxd5 13.cxd5 Rxd5 14.Qxd5 
Bxd5 15.Nxd5 Qf8 16.Bd3 Bd6 17.Ne2 Qe8 18.Nec3 Qe5 19.Kb1 Qg5 20.g4 Kb8 
21.h4 Qd8 22.Be4 a6 23.Bd4 f6 24.h5 Nc6 25.Bf2 Ne5 26.Ne3 Qf8 27.Nf5 Bb4 
28.Nd5 Nc4 29.Be1 Bc5 30.Bg3 Nd6 31.Nxc7 Nxe4 32.Ne6+ Nxg3 33.Nxf8 Nxh1 
34.Nd7+ Kc7 35.Nxc5 1-0

[Event "POL-chT3"]
[Site "Jastrzebia Gora POL"]
[Date "2016.09.04"]
[Round "2.81"]
[White "Sek, Joachim"]
[Black "Gralka, Przemyslaw"]
[Result "1/2-1/2"]
[WhiteElo "2054"]
[BlackElo "2283"]
[EventDate "2016.09.02"]

1.e4 c6 2.d4 d5 3.e5 Bf5 4.Nf3 e6 5.c3 c5 6.Bb5+ Nc6 7.O-O Qb6 8.Ba4 Bg4 
9.dxc5 Bxc5 10.b4 Be7 11.Be3 Qd8 12.Nbd2 a6 13.h3 Bxf3 14.Bxc6+ bxc6 15.
Nxf3 Qc7 16.Qa4 Bd8 17.Bc5 Qb7 18.Nd4 Rc8 19.Rab1 Ne7 20.Qc2 Bb6 21.Nb3 
O-O 22.a4 Rfd8 23.Qe2 Ra8 24.Rfd1 Ng6 25.g3 Qa7 26.a5 Bxc5 27.Nxc5 Qb8 28.
f4 Qb5 29.Kf2 Nf8 30.Rd4 Qxe2+ 31.Kxe2 Nd7 32.Rdd1 Ra7 33.Ke3 Kf8 34.c4 
Ke7 35.cxd5 cxd5 36.Rdc1 1/2-1/2

[Event "POL-chT3"]
[Site "Jastrzebia Gora POL"]
[Date "2016.09.04"]
[Round "2.82"]
[White "Mazalon, Mariusz"]
[Black "Pochcial, Jan"]
[Result "1-0"]
[WhiteElo "2063"]
[BlackElo "2009"]
[EventDate "2016.09.02"]

1.d4 Nf6 2.c4 e6 3.Nc3 Bb4 4.e3 O-O 5.Ne2 d5 6.a3 Be7 7.cxd5 exd5 8.g3 c6 
9.Bg2 Bf5 10.O-O Re8 11.f3 Bf8 12.Bd2 Nbd7 13.g4 Bd3 14.Rf2 Bxe2 15.Nxe2 
Nb6 16.b3 h6 17.Ng3 Rc8 18.Nf1 c5 19.Bc3 c4 20.b4 Rc7 21.a4 Nc8 22.h3 Nd6 
23.Qc2 g6 24.Re1 Rce7 25.Rfe2 Qd7 26.e4 Nc8 27.e5 Nh7 28.f4 f5 29.gxf5 
gxf5 30.Ne3 Rg7 31.Nxf5 Ne7 32.Nxg7 Bxg7 33.f5 Nxf5 34.e6 1-0

[Event "POL-chT3"]
[Site "Jastrzebia Gora POL"]
[Date "2016.09.04"]
[Round "2.83"]
[White "Matuszczyk, Krystian"]
[Black "Skowronski, Piotr"]
[Result "0-1"]
[WhiteElo "1853"]
[BlackElo "2042"]
[EventDate "2016.09.02"]

1.e4 d6 2.d4 Nf6 3.Nc3 c6 4.f4 Bg4 5.Nf3 e6 6.h3 Bxf3 7.Qxf3 d5 8.e5 Nfd7 
9.Be3 g6 10.Bd3 Na6 11.a3 Nc7 12.g4 c5 13.O-O-O c4 14.Bxc4 dxc4 15.d5 Nxd5
16.Nxd5 exd5 17.Rxd5 Qc7 18.Rhd1 O-O-O 19.Bxa7 Be7 20.b4 cxb3 21.Qxb3 b6 
22.a4 Qxa7 23.Rb5 Nc5 24.Qc4 Rxd1+ 25.Kxd1 Rd8+ 26.Kc1 Qd7 0-1

[Event "POL-chT3"]
[Site "Jastrzebia Gora POL"]
[Date "2016.09.04"]
[Round "2.84"]
[White "Mackiewicz, Anna"]
[Black "Gorczyca, Aleksandra"]
[Result "1/2-1/2"]
[WhiteElo "1943"]
[BlackElo "2106"]
[EventDate "2016.09.02"]

1.d4 g6 2.c4 Nf6 3.Nc3 Bg7 4.e4 O-O 5.Nf3 d6 6.Be2 Nbd7 7.O-O e5 8.d5 Nc5 
9.Qc2 a5 10.b3 Nh5 11.Bg5 f6 12.Be3 b6 13.a3 f5 14.exf5 Bxf5 15.Qd1 Nf4 
16.Bxf4 exf4 17.Rc1 a4 18.Nxa4 Nxa4 19.bxa4 Qd7 20.Nd4 Bxd4 21.Qxd4 Rxa4 
22.Rc3 Qg7 23.Rd1 Rfa8 24.Qxg7+ Kxg7 25.Ra1 g5 26.h3 R4a5 27.Bg4 Bxg4 28.
hxg4 Rc5 29.Rb1 Raa5 30.Rb2 Ra4 31.Rb4 Rca5 32.Rxa4 Rxa4 33.Kf1 Kg6 34.Ke2
h5 35.gxh5+ Kxh5 36.Kd3 Kg6 37.Kc2 Ra8 38.Kb3 Rh8 39.Rc2 Rh2 40.f3 g4 41.
fxg4 Kg5 42.Rf2 Rh1 43.Kb4 Rb1+ 44.Kc3 Kxg4 45.Kd4 Ra1 46.Ke4 Re1+ 47.Kd4 
Re3 48.a4 Kf5 49.Rf3 Rxf3 50.gxf3 Kf6 51.Kd3 Kg6 52.Ke2 Kh5 53.Kf2 Kg5 54.
Kf1 Kf5 1/2-1/2

[Event "POL-chT3"]
[Site "Jastrzebia Gora POL"]
[Date "2016.09.04"]
[Round "2.85"]
[White "Banasik, Krzysztof"]
[Black "Zakrzewski, Marek"]
[Result "1/2-1/2"]
[WhiteElo "2253"]
[BlackElo "2233"]
[EventDate "2016.09.02"]

1.Nf3 c5 2.g3 Nc6 3.d4 cxd4 4.Nxd4 g6 5.Bg2 Bg7 6.Nb3 Nf6 7.Nc3 O-O 8.O-O 
d6 9.Nd5 Nxd5 10.Bxd5 Bh3 11.Re1 Qc7 12.c3 e6 13.Bh1 d5 14.Be3 Rfd8 15.Qc1
Rac8 16.Bh6 Bh8 17.Qf4 Qxf4 18.Bxf4 Ne5 19.Bxe5 Bxe5 20.Rad1 Bf6 21.e4 
dxe4 22.Bxe4 b6 23.Bb7 Rxd1 24.Rxd1 Rc7 25.Bg2 Bxg2 26.Kxg2 Kf8 27.Kf3 Ke8
28.Ke2 Rd7 29.Rxd7 Kxd7 30.Kd3 Kd6 31.a4 e5 32.Nd2 Be7 33.Kc4 Kc6 34.b4 f5
35.f3 Bg5 36.Nb3 Be3 37.Kd3 Bg1 38.h3 h5 39.Nc1 Bf2 40.g4 Be1 41.gxf5 gxf5
42.Kc4 a6 43.b5+ axb5+ 44.axb5+ Kd6 45.Nd3 Bg3 46.Nb4 Bf2 47.Kd3 Kc5 48.
Nc6 Kd6 49.Ke2 Bc5 50.Kd3 Kd5 51.c4+ Ke6 52.Nb8 Bd6 53.Na6 Kf6 54.h4 Ke6 
55.c5 Bxc5 56.Nc7+ Kf7 57.Kc4 e4 58.fxe4 fxe4 59.Nd5 Kg6 60.Nf4+ Kf5 61.
Nxh5 Kg4 62.Nf6+ Kf3 63.Nd5 e3 64.Nc3 Be7 65.Kd3 Bxh4 66.Ne2 Bf6 67.Ng1+ 
Kf2 68.Nh3+ Kg3 69.Ng1 Bg5 70.Ke2 Bh6 71.Kd3 Kf4 72.Kd4 Bf8 73.Ne2+ Kf3 
74.Kd3 Bc5 75.Nc3 Kf4 76.Nd5+ Kf3 77.Nc3 Kg3 78.Ne4+ Kf3 79.Nc3 Kf2 80.
Nd1+ Kf3 1/2-1/2

[Event "POL-chT3"]
[Site "Jastrzebia Gora POL"]
[Date "2016.09.04"]
[Round "2.86"]
[White "Niekras, Dawid"]
[Black "Tustanowski, Robert"]
[Result "1/2-1/2"]
[WhiteElo "2326"]
[BlackElo "2211"]
[EventDate "2016.09.02"]

1.e4 e5 2.Nf3 Nc6 3.Bb5 Bc5 4.c3 f5 5.Nxe5 Nxe5 6.d4 Qe7 7.dxc5 Qxc5 8.Qd5
Qxd5 9.exd5 a6 10.Be2 d6 11.O-O Nf6 12.c4 O-O 13.f4 Ned7 14.Nc3 Nc5 15.Be3
Bd7 16.Bxc5 dxc5 17.Bd3 Rae8 18.Rae1 Rxe1 19.Rxe1 Re8 20.Re5 Kf7 21.h3 Re7
22.Kf2 Ne8 23.Kf3 Kf6 24.Rxe7 Kxe7 25.Ke3 Nd6 26.g3 Kf6 27.a3 a5 28.a4 g6 
29.Kf3 b6 30.Ke3 Ke7 31.b3 Kf6 32.Bf1 Ke7 33.Bd3 Kf6 34.Bf1 1/2-1/2

[Event "POL-chT3"]
[Site "Jastrzebia Gora POL"]
[Date "2016.09.04"]
[Round "2.87"]
[White "Siekaniec, Jan"]
[Black "Bajerlein, Dawid"]
[Result "1-0"]
[WhiteElo "2076"]
[BlackElo "2104"]
[EventDate "2016.09.02"]

1.Nf3 Nf6 2.g3 g6 3.Bg2 Bg7 4.O-O O-O 5.Re1 d5 6.d3 c5 7.Nbd2 Nc6 8.e4 d4 
9.a4 e5 10.Nc4 Ne8 11.c3 Nd6 12.Nxd6 Qxd6 13.cxd4 cxd4 14.a5 Bd7 15.b4 b5 
16.axb6 axb6 17.Bd2 Rfc8 18.Qb3 Be6 19.Qb2 f6 20.Reb1 Bf8 21.Bf1 Be7 22.
Be2 f5 23.Bd1 Rxa1 24.Qxa1 fxe4 25.dxe4 Rf8 26.b5 Bg4 27.bxc6 Bxf3 28.Qa2+
Kh8 29.Bxf3 Rxf3 30.Rxb6 Qc5 31.Rb8+ Kg7 32.Qe6 Rf8 33.Rb7 Rf7 34.Bh6+ 
Kxh6 35.Qxf7 Qc1+ 36.Kg2 Qxc6 37.Rxe7 Qxe4+ 38.Qf3 Qe1 39.Qf8+ Kg5 40.h4+ 
1-0

[Event "POL-chT3"]
[Site "Jastrzebia Gora POL"]
[Date "2016.09.04"]
[Round "2.88"]
[White "Bernat, Marcin"]
[Black "Wrobel, Maciej"]
[Result "1-0"]
[WhiteElo "2068"]
[BlackElo "2046"]
[EventDate "2016.09.02"]

1.d4 Nf6 2.c4 g6 3.Nc3 Bg7 4.e4 d6 5.f3 O-O 6.Be3 e5 7.d5 Nh5 8.Qd2 f5 9.
Bd3 f4 10.Bf2 Bf6 11.O-O-O Bh4 12.c5 Bxf2 13.Qxf2 Nd7 14.cxd6 cxd6 15.Nge2
a6 16.Kb1 b5 17.Rc1 Nc5 18.Bc2 Bd7 19.b4 Nb7 20.Bd3 a5 21.a3 axb4 22.axb4 
Nf6 23.Kb2 Ne8 24.Ra1 Rb8 25.Ra7 Nc7 26.Qb6 Nc5 27.Qxc7 Nxd3+ 28.Kb3 Qxc7 
29.Rxc7 Be8 30.Rd1 Nf2 31.Rd2 h5 32.Nc1 Ng4 33.fxg4 hxg4 34.Nd3 g5 35.Nf2 
Bh5 36.Ra2 Ra8 37.Raa7 Rxa7 38.Rxa7 g3 39.hxg3 f3 40.gxf3 Rxf3 41.g4 Rxf2 
42.gxh5 Rh2 43.Nxb5 g4 44.Nxd6 g3 45.Nf5 Rxh5 46.Rg7+ 1-0

[Event "POL-chT3"]
[Site "Jastrzebia Gora POL"]
[Date "2016.09.04"]
[Round "2.89"]
[White "Tustanowski, Mateusz"]
[Black "Rozumek, Krzysztof"]
[Result "1-0"]
[WhiteElo "1921"]
[BlackElo "2010"]
[EventDate "2016.09.02"]

1.e4 c6 2.d4 d5 3.Nc3 dxe4 4.Nxe4 Nd7 5.Bd3 Ngf6 6.Ng5 Qc7 7.N1f3 h6 8.Ne6
fxe6 9.Bg6+ Kd8 10.O-O Nd5 11.c4 Nf4 12.Bc2 g5 13.g3 Nh3+ 14.Kg2 g4 15.Ne5
Nxe5 16.dxe5+ Bd7 17.Qxg4 Ng5 18.f4 Nf7 19.Qh5 Nxe5 20.fxe5 Qa5 21.Bf4 Kc7
22.Qe2 Bg7 23.Rfd1 Rad8 24.a3 Kb8 25.b4 Qc7 26.c5 h5 27.Rd4 Bc8 28.Rad1 
Rdg8 29.h4 Bh6 30.Bxh6 Rxh6 31.Qe3 Rhh8 32.R1d2 Rg7 33.Rf2 Rhg8 34.Rf3 b6 
35.Bb3 bxc5 36.bxc5 Qa5 37.Rb4+ Ka8 38.Ba4 Qc7 39.Qb3 Bd7 40.Qb2 Rg4 41.
Rxg4 hxg4 42.Rf4 Qa5 43.Qb4 Qc7 44.Qc3 Bc8 45.Bd1 Rd8 46.Bxg4 Rd5 47.Rf8 
Qd7 48.Bf3 Rd3 49.Rxc8+ Kb7 50.Bxc6+ Qxc6+ 51.Rxc6 Rxc3 52.Rxe6 Rxa3 53.h5
a5 54.h6 Ra2+ 55.Kh3 Ra1 56.Kg4 a4 57.Rxe7+ Kc6 58.Re8 Rh1 59.Ra8 Kxc5 60.
Kg5 Kd5 61.Kg6 Rg1 62.h7 Rxg3+ 63.Kf6 Rf3+ 64.Ke7 1-0

[Event "POL-chT3"]
[Site "Jastrzebia Gora POL"]
[Date "2016.09.04"]
[Round "2.90"]
[White "Debowiak, Arleta"]
[Black "Buksa, Ewelina"]
[Result "1/2-1/2"]
[WhiteElo "1845"]
[BlackElo "1684"]
[EventDate "2016.09.02"]

1.e4 e5 2.Nf3 Nc6 3.d4 exd4 4.Nxd4 Nf6 5.Nxc6 bxc6 6.e5 Nd5 7.c4 Nb6 8.Nc3
Qe7 9.Qe2 Bb7 10.b3 g6 11.Ne4 O-O-O 12.Bg5 Qb4+ 13.Qd2 Re8 14.Bf6 Rg8 15.
Bd3 h6 16.h4 Re6 17.O-O-O Qxd2+ 18.Rxd2 Be7 19.f4 d5 20.Nf2 Bxf6 21.exf6 
Rxf6 22.g3 h5 23.c5 Nd7 24.b4 Re6 25.Nh3 Re3 26.Rg1 Nf6 27.Ng5 Re7 28.Re2 
Rxe2 29.Bxe2 Re8 30.Bd3 Re7 31.f5 gxf5 32.Bxf5+ Kd8 33.Kd2 Bc8 34.Bd3 Bg4 
1/2-1/2

[Event "POL-chT3"]
[Site "Jastrzebia Gora POL"]
[Date "2016.09.04"]
[Round "2.91"]
[White "Kumala, Aleksander"]
[Black "Liberadzki, Slawomir"]
[Result "1-0"]
[WhiteElo "2211"]
[BlackElo "2013"]
[EventDate "2016.09.02"]

1.d4 d5 2.Bf4 e6 3.e3 Bd6 4.Bxd6 Qxd6 5.f4 Qb4+ 6.Nd2 Nf6 7.Rb1 Nbd7 8.Bd3
c5 9.c3 Qb6 10.Ngf3 c4 11.Bc2 Qa5 12.Ne5 Nb6 13.g4 Nfd7 14.g5 Nxe5 15.fxe5
Bd7 16.O-O Ba4 17.b3 cxb3 18.axb3 Bb5 19.c4 dxc4 20.Ne4 O-O-O 21.Rxf7 cxb3
22.Bxb3 Bc6 23.Bxe6+ Kb8 24.Nc5 Qc3 25.Qc1 Qxc1+ 26.Rxc1 Rhf8 27.Rcf1 Rfe8
28.Rxg7 Na4 29.Nxa4 Rxe6 30.Nc5 Rg6 31.Rxg6 hxg6 32.Rf6 Be8 33.Kf2 b6 34.
Ne4 Rc8 35.Nd6 Rc2+ 36.Kg3 Bc6 37.d5 1-0

[Event "POL-chT3"]
[Site "Jastrzebia Gora POL"]
[Date "2016.09.04"]
[Round "2.92"]
[White "Szymczak, Rafal"]
[Black "Kasperek, Ryszard"]
[Result "0-1"]
[WhiteElo "2007"]
[BlackElo "2160"]
[EventDate "2016.09.02"]

1.d4 Nf6 2.Nf3 e6 3.Bf4 c5 4.c3 b6 5.e3 Bb7 6.Nbd2 Be7 7.h3 O-O 8.Be2 d6 
9.O-O Qc7 10.Qc2 Nc6 11.Rad1 cxd4 12.exd4 Rac8 13.Qb1 Rfe8 14.Rfe1 a6 15.
a4 e5 16.dxe5 Nxe5 17.Nd4 Bf8 18.Bf1 Nfd7 19.Ne4 Nc5 20.Ng5 g6 21.h4 h6 
22.Nh3 Ne6 23.Nxe6 Rxe6 24.Be3 Ree8 25.h5 g5 26.Bd4 Qc6 27.f4 Nf3+ 28.gxf3
Qxf3 29.Kh2 g4 30.Ng1 Qxf4# 0-1

[Event "POL-chT3"]
[Site "Jastrzebia Gora POL"]
[Date "2016.09.04"]
[Round "2.93"]
[White "Kanarkiewicz, Michal"]
[Black "Sielicki, Tomasz"]
[Result "1-0"]
[WhiteElo "2016"]
[BlackElo "1962"]
[EventDate "2016.09.02"]

1.e4 e5 2.f4 d5 3.exd5 exf4 4.Nf3 Nf6 5.Bb5+ c6 6.dxc6 bxc6 7.Bc4 Bd6 8.
Qe2+ Qe7 9.Qxe7+ Kxe7 10.O-O Be6 11.Re1 Kd7 12.Bxe6+ fxe6 13.d4 Na6 14.Nc3
Rab8 15.a3 Nc7 16.Ne5+ Bxe5 17.dxe5 Nfd5 18.Ne4 Rhf8 19.c4 Ne3 20.Bxe3 
fxe3 21.b4 a5 22.Rab1 axb4 23.axb4 Na6 24.b5 cxb5 25.cxb5 Nc7 26.Rxe3 Rxb5
27.Rxb5 Nxb5 28.Rg3 Rf7 29.Rb3 Kc6 30.Rxb5 Rf4 31.Nd6 Rd4 32.Ra5 h5 33.Ra7
Kd5 34.Nf7 Rf4 35.g3 Rf5 36.h4 Kd4 37.Kg2 Kd5 38.Ng5 Kxe5 39.Ra5+ Kf6 40.
Rxf5+ Kxf5 41.Kf3 e5 42.Ne4 g6 43.Ng5 Kf6 44.Ke4 Kg7 45.Kxe5 Kh6 46.Ne6 
Kh7 47.Kf6 Kh6 48.Nf8 g5 49.hxg5# 1-0

[Event "POL-chT3"]
[Site "Jastrzebia Gora POL"]
[Date "2016.09.04"]
[Round "2.94"]
[White "Koziol, Pawel"]
[Black "Zurkowski, Andrzej"]
[Result "1/2-1/2"]
[WhiteElo "1855"]
[BlackElo "2073"]
[EventDate "2016.09.02"]

1.Nf3 d5 2.g3 c6 3.Bg2 Nf6 4.O-O Bf5 5.d3 Nbd7 6.Nbd2 e5 7.Qe1 Bc5 8.e4 
dxe4 9.dxe4 Bg6 10.Nh4 Qc7 11.Nb3 Be7 12.Bg5 Ng8 13.Bxe7 Nxe7 14.a4 O-O 
15.Qe2 f6 16.Nxg6 Nxg6 17.h4 Rfe8 18.Bh3 Ndf8 19.Qc4+ Qf7 20.Na5 Re7 21.
Rfd1 Rc7 22.Rd2 b6 23.Qxf7+ Kxf7 24.Nc4 Ke7 25.Nd6 Nh8 26.Nf5+ Ke8 27.Nd6+
Ke7 28.Nf5+ Ke8 1/2-1/2